Quizzes
Events
Quiz Creation
Community
Videos
Private Events
Remove Ads
Sign In
Join for FREE
Feedback
Dark Mode
Quiz Categories
Sports
Geography
Music
Movies
Television
Just For Fun
Miscellaneous
History
Literature
Language
Science
Gaming
Entertainment
Religion
Holiday
For Kids
Quiz Lab
Recent
Popular Today
Quiz Kudos Today
Editor Picks
Curator Picks
Quizzes by...
Day
Popularity
Type
Ratings
Length
Year
Community
Subscriptions
Recent Discussions
Orange Saloon
Badges
Playlists
Quests
Create
Leaderboards
Showdown
Live 5
Trivia Bingo
Activity
Puzzle Library
Sporcle Events
Private Events
Virtual Trivia
Globe League
Become a Host
Pub Owners
SporcleCon
Opinionation
Our Games
Videos
Blog
Mobile Apps
Partnerships
Remove Ads and Go Orange
Feedback
Language
Vocabulary
Begins and Ends
Definition
Spanish
French
German
Italian
Chinese
Latin
Translation
Japanese
Language
Vocabulary
Begins and Ends
Definition
Spanish
French
German
Italian
Chinese
Latin
Translation
Japanese
Random Quiz
Search Sporcle
×
Quiz Lab
Quiz Lab
Language
Valentine's Day
Type in answers that appear in a list
Type in answers that appear in a list
Classic
Best Score? Go Orange.
The Love Game! Stats
Can you name the words related to the concept of 'Love' from Roget's thesuarus?
By
njb042
20m
234 Questions
50 Plays
50 Plays
50 Plays
Comments
Comments
Give Quiz Kudos
Give Quiz Kudos
-
- Ratings
hide this ad
More Info
Replay
Link that replays current quiz
Next Quiz
Link to next quiz in quiz playlist
You Got
0%
They Got
Avg Score
7%
Avg Friend Score
Upgrade to see
Score Distribution
Jump to the score distribution portion of the page
Score
0/234
Timer
20:00
0
Plays Today
P.O.S.
Word(s)
% Correct
Nouns [1]
love
80%
Nouns [7]
love
80%
Verbs [1]
love
80%
Verbs [1]
like
50%
Verbs [2]
adore
46%
Antonyms
hate
42%
Nouns [2]
heart
42%
Adj. [1]
loving
40%
Adj. [2]
loving
40%
Nouns [7]
lover
36%
Verbs [1]
affect
36%
Nouns [2]
affection
34%
Verbs [1]
care for
34%
Verbs [1]
affection
34%
Nouns [7]
beau
28%
Adj. [3]
loved
28%
Adj. [6]
lovely
28%
Nouns [3]
amour
24%
Verbs [3]
desire
24%
Nouns [3]
passion
22%
Adj. [3]
dear
22%
Adj. [6]
sweet
22%
Nouns [1]
fondness
20%
Nouns [3]
adoration
20%
Verbs [1]
hug
20%
Adj. [2]
fond
20%
Nouns [7]
sweetheart
18%
Verbs [1]
cherish
18%
Adj. [3]
beloved
18%
Nouns [1]
liking
16%
Nouns [8]
darling
16%
Adj. [3]
darling
16%
Nouns [3]
infatuation
14%
Nouns [9]
fiancé
14%
Nouns [4]
Cupid
12%
Verbs [1]
pet
12%
Verbs [4]
attract
12%
Verbs [4]
endear
12%
Adj. [1]
in love
12%
Adj. [2]
affectionate
12%
Adj. [2]
tender
12%
Adj. [2]
passionate
12%
Adj. [3]
pet
12%
Adj. [4]
after one's mind
12%
Adj. [6]
adorable
12%
Nouns [1]
admiration
10%
Nouns [3]
devotion
10%
Nouns [4]
love affair
10%
Nouns [8]
idol
10%
Adj. [2]
devoted
10%
Adj. [6]
attractive
10%
10%
Nouns [2]
tenderness
8%
Nouns [2]
attachment
8%
Nouns [3]
fervor
8%
Nouns [7]
admirer
8%
Nouns [7]
paramour
8%
Nouns [8]
angel
8%
Verbs [2]
idolize
8%
Verbs [4]
attach
8%
Adj. [1]
fond of
8%
Adj. [5]
friendly
8%
Nouns [1]
inclination
6%
Nouns [1]
fancy
6%
Nouns [2]
sympathy
6%
Nouns [3]
yearning
6%
Nouns [3]
flame
6%
Nouns [3]
enthusiasm
6%
Nouns [4]
love suit
6%
Nouns [4]
love story
6%
Nouns [4]
courtship
6%
Nouns [6]
favorite
6%
Nouns [7]
suitor
6%
Nouns [7]
follower
6%
Nouns [7]
inamorato
6%
Nouns [7]
flame
6%
Nouns [7]
true love
6%
Nouns [8]
inamorata
6%
P.O.S.
Word(s)
% Correct
Nouns [9]
betrothed
6%
Verbs [1]
fancy
6%
Verbs [4]
enamor
6%
Adj. [1]
love-sick
6%
Adj. [2]
sympathetic
6%
Adj. [2]
erotic
6%
Adj. [3]
precious
6%
Adj. [3]
favorite
6%
Adj. [6]
loveable
6%
Adj. [6]
amiable
6%
Nouns [1]
regard
4%
Nouns [3]
rapture
4%
Nouns [4]
Venus
4%
Nouns [7]
adorer
4%
Nouns [7]
wooer
4%
Nouns [7]
gallant
4%
Nouns [8]
ladylove
4%
Nouns [9]
affianced
4%
Verbs [1]
have a love for
4%
Verbs [1]
regard
4%
Verbs [1]
revere
4%
Verbs [1]
hold dear
4%
Verbs [2]
dote on
4%
Verbs [4]
enrapture
4%
Adj. [1]
smitten
4%
Adj. [1]
attached to
4%
Adj. [1]
enamored
4%
Adj. [2]
amatory
4%
Adj. [2]
ardent
4%
Adj. [2]
rapturous
4%
Adj. [3]
little
4%
Adj. [3]
popular
4%
Adj. [5]
dear as the apple of one's eye
4%
Nouns [1]
dilection
2%
Nouns [2]
fellow-feeling
2%
Nouns [2]
brotherly love
2%
Nouns [2]
benevolence
2%
Nouns [3]
tender passion
2%
Nouns [3]
gyneolatry
2%
Nouns [3]
gallantry
2%
Nouns [3]
transport of love
2%
Nouns [3]
enchantment
2%
Nouns [3]
idolatry
2%
Nouns [4]
myrtle
2%
Nouns [4]
true lover's knot
2%
Nouns [4]
love token
2%
Nouns [4]
love tale
2%
Nouns [4]
the old story
2%
Nouns [4]
plighted love
2%
Nouns [4]
amourette
2%
Nouns [4]
free love
2%
Nouns [5]
maternal love
2%
Nouns [6]
attractiveness
2%
Nouns [6]
popularity
2%
Nouns [7]
amoret
2%
Nouns [7]
swain
2%
Nouns [7]
young man
2%
Nouns [7]
leman
2%
Nouns [7]
Lothario
2%
Nouns [7]
amoroso
2%
Nouns [7]
cavaliere
2%
Nouns [7]
servente
2%
Nouns [7]
captive
2%
Nouns [7]
cicisbeo
2%
Nouns [7]
caro sposo
2%
Nouns [8]
duck
2%
Nouns [8]
Dulcinea
2%
Nouns [8]
goddess
2%
Nouns [8]
cara esposa
2%
Nouns [10]
flirt
2%
Nouns [10]
coquette
2%
Nouns [10]
amorette
2%
Nouns [10]
pair of turtledoves
2%
Nouns [10]
abode of love
2%
Nouns [10]
agapemone
2%
Verbs [1]
take an interest in
2%
Verbs [1]
be partial to
2%
Verbs [1]
sympathize with
2%
P.O.S.
Word(s)
% Correct
Verbs [1]
be in love with
2%
Verbs [1]
entertain a love for
2%
Verbs [1]
cherish a love for
2%
Verbs [1]
take to
2%
Verbs [1]
bear love to
2%
Verbs [1]
be wedded to
2%
Verbs [1]
set ones affections on
2%
Verbs [1]
make much of
2%
Verbs [1]
feast one's eyes on
2%
Verbs [1]
prize
2%
Verbs [1]
cling to
2%
Verbs [2]
burn
2%
Verbs [1]
harbor a love for
2%
Verbs [2]
love to distraction
2%
Verbs [2]
aimer eperdument
2%
Verbs [2]
dote upon
2%
Verbs [3]
take a fancy to
2%
Verbs [3]
look sweet upon
2%
Verbs [3]
become enamored
2%
Verbs [3]
fall in love with
2%
Verbs [3]
lose one's heart
2%
Verbs [4]
excite love
2%
Verbs [4]
win the heart
2%
Verbs [4]
gain the heart
2%
Verbs [4]
win the affections
2%
Verbs [4]
gain the affections
2%
Verbs [4]
secure the love
2%
Verbs [4]
engage the affections
2%
Verbs [4]
take the fancy of
2%
Verbs [4]
have a place in the heart
2%
Verbs [4]
wind round the heart
2%
Verbs [4]
charm
2%
Verbs [4]
fascinate
2%
Verbs [4]
captivate
2%
Verbs [4]
bewitch
2%
Verbs [4]
seduce
2%
Verbs [4]
turn the head
2%
Verbs [5]
get into favor
2%
Verbs [5]
ingratiate oneself
2%
Verbs [5]
insinuate oneself
2%
Verbs [5]
worm oneself
2%
Verbs [5]
propitiate
2%
Verbs [5]
curry favor with
2%
Verbs [5]
pay one's court to
2%
Verbs [5]
faire l'aimable
2%
Verbs [5]
set one's cap at
2%
Verbs [5]
flirt
2%
Adj. [1]
taken with
2%
Adj. [1]
struck with
2%
Adj. [1]
bitten
2%
Adj. [1]
wedded to
2%
Adj. [1]
charmed
2%
Adj. [1]
over head and ears in love
2%
Adj. [2]
sweet upon
2%
Adj. [2]
amourous
2%
Adj. [2]
uxorious
2%
Adj. [2]
motherly
2%
Adj. [3]
well beloved
2%
Adj. [3]
dearly beloved
2%
Adj. [4]
congenial
2%
Adj. [4]
after one's fancy
2%
Adj. [4]
after one's own heart
2%
Adj. [4]
to one's mind
2%
Adj. [4]
to one's taste
2%
Adj. [4]
to one's fancy
2%
Adj. [4]
to one's own heart
2%
Adj. [5]
in one's good graces
2%
Adj. [5]
nearest to one's heart
2%
Adj. [6]
seductive
2%
Adj. [6]
winning
2%
Adj. [6]
charming
2%
Adj. [6]
engaging
2%
Adj. [6]
interesting
2%
Adj. [6]
enchanting
2%
Adj. [6]
captivating
2%
Adj. [6]
fascinating
2%
Adj. [6]
bewitching
2%
Adj. [6]
like an angel
2%
Quiz Playlist
Details
Report
Send in Message
Add To Playlist
More Info:
VI. Words Relating to the Sentiment of Moral Powers III.. Sympathetic Affections 1. Social Affections Love
Classic:
Type in answers that appear in a list
Quiz Source
Last Updated: Feb 16, 2017
Quiz Scoreboard
CHALLENGE
Sign Up to Join the Scoreboard
Show All
Scores
Hide
Comments
May contain spoilers
Recently Published
NBA Finals Game Top Scorers (2010s)
by flibbidy
Sports
5m
Guess the 'R' Things in 3 Words
by MSUKent
Miscellaneous
3m
Actor to Badly Drawn Movie III
by MoMosMoProblems
Movies
5m
More to Explore
Quiz From the Vault
Featured Blog Post
Where Does Lost Luggage Go?
hide this ad
You Might Also Like...
Tags
Valentine's Day Quiz
Love
Loved
Lovely
Romance
Romantic
Synonym
Today's Top Quizzes in Language
Browse Language
hide this ad
Today's Top Quizzes in Valentine's Day
Browse Valentine's Day
Top Contributed Quizzes in Language
1
Einsilbige Reime auf Chips
2
Linguistic Evolution! (V)
3
Trivia Jigsaw: Language
4
Guess the Word in 3 Words
5
One-Minute Crossword CCLVI
6
Here... Let me make up a word for that
7
1960s Slang
8
Hiragana Speed Reading
9
AP Lang. Literary Terms
10
One-Minute Crossword CCLV
Explore More
Trending Topics
NBA
Disney
Marvel
Harry Potter
Kpop
Anime
Crossword
The Office
NFL
Pokémon
Puzzle
Song
Country
WWE
Soccer
hide this ad
More By:
njb042
Quiz
Plays
Rating
Category
Featured
Created
Baby Names From Shakespeare
49,905
4.31
Literature
Jul 4, 2011
Pinky and the Brain Lyrics
20,479
4.74
Television
Jun 6, 2011
'Alice in Wonderland' First 200 Words
17,176
4.58
Literature
Feb 29, 2012
North America Mega BLITZ
4,938
4.30
Geography
Jul 9, 2011
Complete Oscar Big Five Winners
2,835
3.13
Movies
Jul 18, 2011
Go to Creator's Profile
Score Distribution
Quiz Creator Spotlight
njb042
Follow
Send a Message
Quizzes Created
-
Created Quiz Play Count
-
More By This Creator
Popular Quizzes Today
1
Find the US States - No Outlines Minefield
2
Find the US States
3
The Countries of the World
4
10 Largest US States in Order
5
Find the Countries of Europe - No Outlines Minefield
6
US States
7
Guess the 'R' Things in 3 Words
8
NBA Finals Game Top Scorers (2010s)
More Language Quizzes
12 Ways Not to Go to 'Work'
Published
Trending Quizzes
First Name TV: Leading Men
Match the Book to the Film II
First Name TV: Leading Women Drama
Pick A Pair: Religious TV
Match the Book to the Film VI
Recently Updated
Women's Final Four Teams by Year
bhenderson79
Presidents Quartet II
eogle
Anything But Clue(do)
eogle
Anything But Oceanian Capitals
eogle
Anything But 7
eogle
Anything But Thing
eogle
Word Ladder: February 29
pecheneg
Song Title Questions
pecheneg
Women's NCAA Tournament #1 Seeds
pecheneg
Celebrity Mug Shots
pecheneg
Trending Topics
Harry Potter
Disney
NBA
Kpop
Crossword
Marvel
Anime
Pokémon
Soccer
Song
Country
The Office
WWE
Puzzle
NFL
Your Account Isn't Verified!
In order to create a playlist on Sporcle, you need to verify the email address you used during registration. Go to your
Sporcle Settings
to finish the process.
Report this User
Report this user for behavior that violates our
Community Guidelines
.
Details:
Send Report
Go to the Sporcle.com Mobile Site →
Comments